Estudio a nivel de prefactibilidad para el proyecto construcción de la obra de drenaje mayor caja-puente Kuhu Awala, como parte del mejoramiento vial del corredor empalme Alamikamba – Alamikamba, municipio de Prinzapolka, Región Autónoma Atlántico Norte RAAN
El presente estudio a nivel de prefactibilidad para el proyecto de construcción de la obra de drenaje mayor caja puente Kuhu Awala, como parte del mejoramiento vial del corredor Empalme Alamikamba – Alamikamba, municipio de Prinzapolka, Región Autónoma Atlántico Norte, con el objetivo de analiza...
| Main Authors: | , , |
|---|---|
| Other Authors: | |
| Format: | Tesis Section = Libro |
| Language: | Undetermined Spanish |
| Published: |
Managua
UNI
2022
|
| Subjects: |
| LEADER | 01421nam a2200277Ia 4500 | ||
|---|---|---|---|
| 008 | 240830s9999 xx 000 0 und d | ||
| 040 | |a BIBLIOTECA-RUPAP/ Mon 624.2 B642 | ||
| 041 | |a spa | ||
| 082 | |a Mon 624.2 B642 | ||
| 100 | 1 | |a Blandón Gutiérrez, Belinda Daniela | |
| 100 | 1 | |b Membreño Vivas, Jeffrey José | |
| 100 | 1 | |c Molina López, Jonathan Antonio | |
| 245 | 1 | 0 | |a Estudio a nivel de prefactibilidad para el proyecto construcción de la obra de drenaje mayor caja-puente Kuhu Awala, como parte del mejoramiento vial del corredor empalme Alamikamba – Alamikamba, municipio de Prinzapolka, Región Autónoma Atlántico Norte RAAN |
| 260 | |a Managua |b UNI |c 2022 | ||
| 300 | |a 90 p. :il. | ||
| 500 | |a Contiene: anexos y CD. | ||
| 502 | |a Tesis (Ingeniero Civil) - UNI, 2022. | ||
| 520 | 3 | |a El presente estudio a nivel de prefactibilidad para el proyecto de construcción de la obra de drenaje mayor caja puente Kuhu Awala, como parte del mejoramiento vial del corredor Empalme Alamikamba – Alamikamba, municipio de Prinzapolka, Región Autónoma Atlántico Norte, con el objetivo de analizar su viabilidad técnica y factibilidad económica. | |
| 650 | 7 | |a CONSTRUCCION DE PUENTES | |
| 650 | 7 | |b ESTUDIO DE FACTIBILIDAD | |
| 650 | 7 | |c ESTUDIO DE MERCADO | |
| 650 | 7 | |d PROYECTOS DE DESARROLLO | |
| 700 | 1 | |a Tutor: |b Medina, Ricardo Rivera | |
| 942 | |c BK |2 ddc | ||
| 991 | |a Tesis | ||
| 999 | |c 27700 | ||